[Event "EU-Cup Online Gr-I"]
[Site "Tornelo INT"]
[Date "2021.03.27"]
[Round "2.4"]
[White "Schwerteck, Michael"]
[Black "Rapaire, Jean Michel"]
[Result "1-0"]
[WhiteElo "2113"]
[BlackElo "1739"]
[PlyCount "49"]
[EventDate "2021.03.27"]
[EventType "team-tourn (rapid)"]
[EventRounds "9"]
[EventCountry "NET"]
[SourceTitle "CBM 201 Extra"]
[Source "ChessBase"]
[SourceDate "2021.05.31"]
[SourceVersion "1"]
[SourceVersionDate "2021.05.31"]
[SourceQuality "1"]
[WhiteTeam "Bonnevoie Gambit"]
[BlackTeam "Monte Carlo II"]
[WhiteTeamCountry "BEL"]
[BlackTeamCountry "MNC"]

1. d4 d6 2. g3 e5 3. dxe5 dxe5 4. Qxd8+ Kxd8 5. Nc3 c6 6. f4 Bd6 7. Ne4 Bc7 8. fxe5 Bxe5 9. Nf3 f6 10. Nxe5 fxe5 11. Bg5+ Kc7 12. 0-0-0 Nd7 13. Bh3 Ngf6 14. Nd6 h6 15. Bxf6 Nxf6 16. Nxc8 Raxc8 17. Bxc8 Rxc8 18. Rhf1 Rd8 19. Rxd8 Kxd8 20. Kd2 Ke7 21. h3 g5 22. g4 Nd5 23. Rf5 Ke6 24. Rf8 Nf4 25. Rh8 1-0

[Event "Helsingor Xtracon op"]
[Site "Helsingor"]
[Date "2018.07.25"]
[Round "6"]
[White "Smeby, Ole"]
[Black "Schwerteck, Michael"]
[Result "1/2-1/2"]
[WhiteElo "1887"]
[BlackElo "2115"]
[PlyCount "120"]
[EventDate "2018.07.21"]
[EventType "swiss"]
[EventRounds "10"]
[EventCountry "DEN"]
[SourceTitle "CBM 185 Extra"]
[Source "ChessBase"]
[SourceDate "2018.07.29"]
[SourceVersion "1"]
[SourceVersionDate "2018.07.29"]
[SourceQuality "1"]

1. d4 d5 2. Nf3 Nf6 3. e3 c5 4. c4 cxd4 5. exd4 Nc6 6. Nc3 Bg4 7. Be3 e6 8. cxd5 Nxd5 9. Be2 Be7 10. 0-0 0-0 11. Qd2 Rc8 12. a3 Na5 13. Nxd5 Qxd5 14. Rad1 Nb3 15. Qe1 Rc2 16. Bd3 Rxb2 17. Qc3 Bxa3 18. Bc4 Qa5 19. Rd3 Bxf3 20. gxf3 Rc8 21. Qxa5 Nxa5 22. Rxa3 Nxc4 23. Rxa7 Nxe3 24. fxe3 Kf8 25. Rf2 Rc1+ 26. Kg2 Rcb1 27. h4 Ke7 28. Rxb2 Rxb2+ 29. Kg3 h5 30. Kf4 Kf6 31. e4 b5 32. Rb7 b4 33. Rb6 b3 34. d5 Rd2 35. e5+ Ke7 36. d6+ Ke8 37. Rxb3 f6 38. Ke3 Rd5 39. exf6 gxf6 40. Rb8+ Kd7 41. Ke4 Kxd6 42. Rb6+ Kd7 43. Rb7+ Kc6 44. Rh7 Ra5 45. Kf4 Kd6 46. Rb7 Rf5+ 47. Ke4 Re5+ 48. Kf4 Kd5 49. Rd7+ Kc4 50. Rf7 Rf5+ 51. Ke4 Kc3 52. f4 Kd2 53. Re7 Ra5 54. Rxe6 f5+ 55. Kd4 Ra1 56. Rh6 Re1 57. Rxh5 Re4+ 58. Kd5 Rxf4 59. Ke5 Ke3 60. Rxf5 Rxh4 1/2-1/2

[Event "Helsingor Xtracon op"]
[Site "Helsingor"]
[Date "2018.07.22"]
[Round "2"]
[White "Munshi, Aditya"]
[Black "Schwerteck, Michael"]
[Result "1/2-1/2"]
[WhiteElo "1953"]
[BlackElo "2115"]
[PlyCount "54"]
[EventDate "2018.07.21"]
[EventType "swiss"]
[EventRounds "10"]
[EventCountry "DEN"]
[SourceTitle "CBM 185 Extra"]
[Source "ChessBase"]
[SourceDate "2018.07.29"]
[SourceVersion "1"]
[SourceVersionDate "2018.07.29"]
[SourceQuality "1"]

1. e4 e5 2. Bc4 Nf6 3. d3 Nc6 4. Nc3 Na5 5. Qf3 Nxc4 6. dxc4 Be7 7. Nge2 d6 8. h3 0-0 9. 0-0 Be6 10. b3 c6 11. Rd1 Qc7 12. a4 Rad8 13. Ba3 Rd7 14. Rd2 Rfd8 15. Rad1 a6 16. Ng3 Qa5 17. Nd5 cxd5 18. cxd5 b5 19. dxe6 fxe6 20. Nh5 b4 21. Nxf6+ Bxf6 22. Bb2 d5 23. exd5 exd5 24. Qf5 Re7 25. Re2 Rde8 26. Red2 Rd8 27. Re2 Rde8 1/2-1/2

[Event "Wuerttemberg-ch KT"]
[Site "Bisingen"]
[Date "2013.08.31"]
[Round "1"]
[White "Schwerteck, Michael"]
[Black "Schoembs, Oliver"]
[Result "1-0"]
[WhiteElo "2088"]
[BlackElo "1873"]
[PlyCount "91"]
[EventDate "2013.08.31"]
[EventType "swiss"]
[EventRounds "9"]
[EventCountry "GER"]
[SourceTitle "EXT 2017"]
[Source "ChessBase"]
[SourceDate "2016.10.25"]
[SourceVersion "1"]
[SourceVersionDate "2016.10.25"]
[SourceQuality "1"]

1. d4 Nf6 2. c4 g6 3. g3 Bg7 4. Bg2 0-0 5. Nc3 d6 6. Nf3 Nc6 7. 0-0 a6 8. Bf4 Nh5 9. Bg5 h6 10. Be3 Na5 11. b3 c5 12. Qd2 cxd4 13. Nxd4 Kh7 14. Rac1 f5 15. f4 Nf6 16. h3 Bd7 17. Bf2 e5 18. Nc2 Bc6 19. Rfd1 Bxg2 20. Kxg2 exf4 21. gxf4 Nh5 22. Nd5 Nc6 23. h4 b5 24. Ncb4 Nxb4 25. Qxb4 Qe8 26. cxb5 axb5 27. Rd2 Rc8 28. Rxc8 Qxc8 29. Qxb5 g5 30. Qc4 Qe6 31. hxg5 hxg5 32. fxg5 f4 33. Nf6+ Rxf6 34. gxf6 Qg4+ 35. Kh2 Bxf6 36. Qd3+ Kh6 37. Qh3 Qg6 38. Rxd6 f3 39. Bd4 fxe2 40. Qe3+ Kg7 41. Qe7+ Qf7 42. Bxf6+ Nxf6 43. Re6 Nd5 44. Qxf7+ Kxf7 45. Rxe2 Nc3 46. Rc2 1-0

[Event "GER 1. Rucki-Zucki-Cup/Z03 email"]
[Site "GER email"]
[Date "2011.10.16"]
[Round "?"]
[White "Schwerteck, Michael"]
[Black "Krauss, Heiko"]
[Result "1-0"]
[WhiteElo "2137"]
[BlackElo "2114"]
[PlyCount "101"]
[EventDate "2011.11.01"]
[EventType "tourn (corr)"]
[EventRounds "6"]
[EventCountry "GER"]
[SourceTitle "Corr 2015"]
[Source "ChessBase"]
[SourceDate "2015.07.17"]
[SourceVersion "1"]
[SourceVersionDate "2015.07.17"]
[SourceQuality "1"]

1. e4 e5 2. Nf3 Nc6 3. Bb5 a6 4. Ba4 Nf6 5. 0-0 Be7 6. Re1 b5 7. Bb3 0-0 8. h3 Bb7 9. d3 d6 10. a3 Qd7 11. Nc3 Rae8 12. Nd5 Bd8 13. c3 Na5 14. Ba2 c5 15. b4 Bxd5 16. exd5 Nb7 17. Qc2 h6 18. Be3 Bb6 19. a4 Ra8 20. axb5 axb5 21. c4 Ra4 22. Rab1 Rfa8 23. Rb2 Qd8 24. bxc5 Bxc5 25. cxb5 Qa5 26. Bb1 Kf8 27. Re2 Qb6 28. Kh2 R4a5 29. Bxc5 Nxc5 30. d4 Na4 31. dxe5 dxe5 32. Rb4 Qd6 33. Rc4 e4+ 34. g3 Nb6 35. Rc6 Qxd5 36. Rxb6 exf3 37. Rd2 Qg5 38. Qb2 Qc5 39. Rb7 Kg8 40. Qb3 Qh5 41. Qb4 Ra1 42. Rd4 Rf8 43. b6 Ra5 44. Rxf7 Kxf7 45. Qc4+ Rd5 46. Be4 Rc8 47. Bxd5+ Qxd5 48. Qxd5+ Nxd5 49. Rxd5 Ke6 50. b7 Rb8 51. Rb5 1-0

[Event "Wuerttemberg-ch KT"]
[Site "Lauffen am Neckar"]
[Date "2011.09.04"]
[Round "9"]
[White "Schmidt, Martin5555"]
[Black "Schwerteck, Michael"]
[Result "1/2-1/2"]
[WhiteElo "2026"]
[BlackElo "2099"]
[PlyCount "21"]
[EventDate "2011.08.26"]
[EventType "swiss"]
[EventRounds "9"]
[EventCountry "GER"]
[SourceTitle "EXT 2017"]
[Source "ChessBase"]
[SourceDate "2016.10.25"]
[SourceVersion "1"]
[SourceVersionDate "2016.10.25"]
[SourceQuality "1"]

1. e4 c6 2. d4 d5 3. Nc3 dxe4 4. Nxe4 Bf5 5. Ng3 Bg6 6. Nf3 Nd7 7. Bc4 e6 8. Bf4 Ngf6 9. 0-0 Nd5 10. Bg5 Qc8 11. Qe2 1/2-1/2

[Event "Wuerttemberg-ch KT"]
[Site "Lauffen am Neckar"]
[Date "2011.09.03"]
[Round "8"]
[White "Schwerteck, Michael"]
[Black "Keller, Joachim"]
[Result "1-0"]
[WhiteElo "2099"]
[BlackElo "1859"]
[PlyCount "87"]
[EventDate "2011.08.26"]
[EventType "swiss"]
[EventRounds "9"]
[EventCountry "GER"]
[SourceTitle "EXT 2017"]
[Source "ChessBase"]
[SourceDate "2016.10.25"]
[SourceVersion "1"]
[SourceVersionDate "2016.10.25"]
[SourceQuality "1"]

1. e4 e5 2. Nf3 Nc6 3. Bb5 Nge7 4. c3 a6 5. Ba4 b5 6. Bb3 Ng6 7. d4 exd4 8. cxd4 Bb4+ 9. Nc3 0-0 10. 0-0 d6 11. h3 Na5 12. Bc2 Bxc3 13. bxc3 Bb7 14. a4 c5 15. axb5 axb5 16. Rb1 Bc6 17. Re1 Bd7 18. h4 Re8 19. h5 Nf8 20. h6 cxd4 21. hxg7 Ne6 22. Nxd4 Rb8 23. Nf5 Nxg7 24. Nh6+ Kf8 25. Qxd6+ Qe7 26. Ba3 Nc4 27. Qxe7+ Rxe7 28. Bxe7+ Kxe7 29. Nf5+ Nxf5 30. exf5+ Kf6 31. Red1 Na3 32. Rxd7 Nxc2 33. Rd5 b4 34. cxb4 Rxb4 35. Rxb4 Nxb4 36. Rb5 Nc2 37. Rd5 h5 38. g3 Nb4 39. Rd4 Nc2 40. Rh4 Kg5 41. Kf1 Na3 42. Kg2 Nc2 43. f4+ Kh6 44. Kf3 1-0

[Event "Wuerttemberg-ch KT"]
[Site "Lauffen am Neckar"]
[Date "2011.08.30"]
[Round "4"]
[White "Schwerteck, Michael"]
[Black "Fuss, Klaus"]
[Result "0-1"]
[WhiteElo "2099"]
[BlackElo "2068"]
[PlyCount "72"]
[EventDate "2011.08.26"]
[EventType "swiss"]
[EventRounds "9"]
[EventCountry "GER"]
[SourceTitle "EXT 2017"]
[Source "ChessBase"]
[SourceDate "2016.10.25"]
[SourceVersion "1"]
[SourceVersionDate "2016.10.25"]
[SourceQuality "1"]

1. d4 d5 2. c4 e6 3. Nc3 Nf6 4. cxd5 exd5 5. Bg5 c6 6. e3 Be7 7. Bd3 Nbd7 8. Nge2 Ne4 9. Bf4 Ndf6 10. Qc2 Bf5 11. 0-0 Bg6 12. h3 0-0 13. Rab1 Nxc3 14. bxc3 Bxd3 15. Qxd3 b6 16. c4 c5 17. Rfd1 Rc8 18. Rbc1 cxd4 19. Nxd4 Rxc4 20. Nc6 Qe8 21. Rxc4 dxc4 22. Qxc4 a5 23. Rb1 Bc5 24. Nxa5 Qa8 25. Nb3 Qxa2 26. Ra1 Qb2 27. Rc1 Rc8 28. Bd6 h6 29. Nxc5 bxc5 30. Be7 Ne4 31. Rc2 Qa1+ 32. Rc1 Qe5 33. Bh4 g5 34. f3 Nd6 35. f4 Qxe3+ 36. Bf2 Nxc4 0-1

[Event "GER HS-098 email"]
[Site "GER email"]
[Date "2011.03.15"]
[Round "?"]
[White "Lange, Juergen"]
[Black "Schwerteck, Michael"]
[Result "1/2-1/2"]
[WhiteElo "1979"]
[BlackElo "2100"]
[PlyCount "74"]
[EventDate "2011.03.21"]
[EventType "tourn (corr)"]
[EventRounds "6"]
[EventCountry "GER"]
[SourceTitle "Corr 2015"]
[Source "ChessBase"]
[SourceDate "2015.07.17"]
[SourceVersion "1"]
[SourceVersionDate "2015.07.17"]
[SourceQuality "1"]
[WhiteTeam "Germany"]
[BlackTeam "Germany"]
[WhiteTeamCountry "GER"]
[BlackTeamCountry "GER"]

1. e4 c5 2. Nf3 d6 3. d4 cxd4 4. Qxd4 Nc6 5. Bb5 Bd7 6. Bxc6 Bxc6 7. Nc3 Nf6 8. Bg5 e6 9. 0-0-0 Be7 10. Rhe1 0-0 11. Kb1 h6 12. Bh4 Re8 13. Bg3 d5 14. e5 Ne4 15. Nxe4 dxe4 16. Qxd8 Rexd8 17. Nd4 Be8 18. c3 Bc5 19. Kc2 Bxd4 20. Rxd4 Rxd4 21. cxd4 Rd8 22. Rxe4 Bc6 23. Re1 Bxg2 24. Kd3 Bd5 25. a3 Rc8 26. Bf4 Rc6 27. Rc1 Rb6 28. b4 Ra6 29. Rc3 Kh7 30. Bc1 Kg6 31. Ke2 Kf5 32. f3 Rc6 33. Rxc6 Bxc6 34. Kf2 g5 35. Ke3 h5 36. Bd2 h4 37. Bc3 b6 1/2-1/2